Längste Flüsse Europas - Statistiken

Allgemein
  • Dieses Quiz wurde 86 mal gespielt
  • Das Durchschnittsergebnis liegt bei 6 aus 10
Antwortstatistiken
Länge in Fluss % Korrekt
1233 Rhein
99%
1870 Don
97%
2811 Donau
96%
3530 Wolga
94%
1094 Elbe
82%
1047 Weichsel
40%
2285 Dnepr
27%
2428 Ural
13%
1352 Dnister
12%
1802 Petschora
3%
Keine übereinstimmenden Quizze gefunden
Verteilung der Resultate
Anzahl Personen mit jedem Resultat
Perzentil nach korrekt beantworteten Fragen
Ihre Resultats-Entwicklung
Sie haben dieses Quiz noch nicht gespielt